Eurovision 2025 - Tile Select - Statistics

General Stats
  • This quiz has been taken 709 times
  • The average score is 33 of 36
Answer Stats
Question Tile Select % Correct
countries which are participating. Albania Yes
99%
countries which are participating. Estonia Yes
99%
countries which are participating. Iceland Yes
99%
countries which are participating. Italy Yes
99%
countries which are participating. Andorra No
98%
countries which are participating. Belarus No
98%
countries which are participating. Bosnia and Herzegovina No
98%
countries which are participating. San Marino Yes
98%
countries which are participating. Turkey No
97%
countries sending a song in English. Australia Yes
96%
countries sending a song in English. Norway Yes
96%
countries sending more than person. Sweden Yes
95%
countries sending more than person. United Kingdom Yes
95%
actual song titles competing in Basel. C'est la vie Yes
94%
countries sending more than person. Cyprus No
94%
countries sending a song in English. Denmark Yes
94%
countries sending more than person. Finland No
94%
countries sending more than person. Greece No
94%
actual song titles competing in Basel. Milkshake Man Yes
94%
actual song titles competing in Basel. We Will Rave No
94%
countries sending more than person. Belgium No
93%
actual song titles competing in Basel. Torta Avvelenata No
93%
countries sending more than person. Iceland Yes
92%
actual song titles competing in Basel. What the Hell Just Happened? Yes
92%
countries sending more than person. Latvia Yes
90%
countries sending a song in English. Portugal No
90%
actual song titles competing in Basel. Bird of Pray Yes
89%
actual song titles competing in Basel. New Day Will Rise Yes
89%
countries sending a song in English. Latvia No
88%
countries sending a song in English. Sweden No
88%
countries sending a song in English. Germany No
87%
countries sending a song in English. Croatia Yes
86%
countries sending a song in English. Slovenia Yes
84%
countries sending more than person. Azerbaijan Yes
80%
actual song titles competing in Basel. Avo takys No
73%
actual song titles competing in Basel. Laika Dance No
73%
No matching quizzes found
Score Distribution
Percent of People with Each Score
Percentile by Number Answered
Your Score History
You have not taken this quiz